| LDR | | 00000nam k2200205 c 4500 |
| 001 | | 000000175284 |
| 008 | | 130906s2013 ulk 00 a kor |
| 007 | | ta |
| 020 | |
▼a 9788984316508
▼g 03850:
▼c \16000 |
| 040 | |
▼a 248032
▼c 248032
▼d 248032 |
| 041 | 0 |
▼a kor
▼h ger |
| 056 | |
▼a 853
▼2 4 |
| 090 | |
▼a 853
▼b 팔292ㄴ |
| 100 | 1 |
▼a 팔라다, 한스. |
| 245 | 10 |
▼a 누구나 홀로 죽는다:
▼b 한스 팔라다 장편소설 /
▼d 지은이: 한스 팔라다 ;,
▼e 옮긴이: 이수연. |
| 250 | |
▼a 초판. |
| 260 | |
▼a 서울 :
▼b 씨네21북스,
▼c 2013. |
| 300 | |
▼a 787 p. ;
▼c 21 cm. |
| 507 | 10 |
▼a Fallada, Hans.
▼t Jeder stirbt für sich allein . |
| 653 | |
▼a 누구
▼a 홀로
▼a 죽는다
▼a 나치정권 |
| 950 | 0 |
▼b \16000 |
| 990 | |
▼a 관리자
▼b 관리자 |
| 005 | | 20130909134117 |